| 000 | 00990cam a2200313 i 4500 | ||
|---|---|---|---|
| 001 | 1304984 | ||
| 003 | OSt | ||
| 005 | 20180116183024.0 | ||
| 008 | 770512s1977 nyu 000 1 eng | ||
| 010 | _a 77072414 | ||
| 020 |
_a0385132093 : _c$8.95 |
||
| 040 |
_aDLC _cDLC _dDLC _dOCoLC _dDLC |
||
| 043 |
_ae-fr--- _ae-uk--- |
||
| 050 | 0 | 0 |
_aPR6015.I3 _bD45 1977 |
| 082 | 0 | 0 | _a823.914 HOL 1977 |
| 100 | 1 |
_aHolt, Victoria, _d1906-1993. |
|
| 245 | 1 | 4 |
_aThe Devil on Horseback _cVictoria Holt [i.e. E. Hibbert]. |
| 250 | _a1st ed. | ||
| 260 |
_aGarden City, N.Y. : _bDoubleday, _c1977. |
||
| 300 |
_a358 p. ; _c22 cm. |
||
| 440 | _aThe Devil on Horseback | ||
| 651 | 0 |
_aFrance _xHistory _yRevolution, 1789-1799 _xFiction. |
|
| 651 | 0 |
_aGreat Britain _xHistory _y18th century _xFiction. |
|
| 655 | 7 |
_aRomantic suspense novels. _2gsafd |
|
| 655 | 7 |
_aHistorical fiction. _2gsafd |
|
| 655 | 7 |
_aWar stories. _2gsafd |
|
| 906 |
_a7 _bcbc _corignew _d1 _eopcn _f19 _gy-gencatlg |
||
| 942 |
_2ddc _cBK |
||
| 999 |
_c350700 _d350700 |
||